[Event "95th GER-ch"]
[Site "Ostfildern GER"]
[Date "2024.08.24"]
[Round "6.3"]
[White "Buhmann, Rainer"]
[Black "Kunin, Vitaly"]
[Result "1/2-1/2"]
[PlyCount "99"]
[WhiteElo "2562"]
[BlackElo "2523"]
[EventDate "2024.08.19"]

1.e4 c5 2.Nf3 e6 3.d4 cxd4 4.Nxd4 a6 5.c4 Nf6 6.Nc3 Bb4 7.Qd3 O-O 8.e5 Ne8
9.Bf4 d6 10.exd6 Bxd6 11.Bxd6 Qxd6 12.Nc2 Qe7 13.Be2 Nc6 14.O-O Bd7 15.
Rfd1 Rd8 16.Qe3 Nf6 17.Bf3 Na5 18.b3 Rc8 19.Ne1 Rfe8 20.Qb6 Qd8 21.Na4 Qc7
22.Qxc7 Rxc7 23.Nb6 Bc6 24.Be2 Nd7 25.c5 Bd5 26.Nxd5 exd5 27.Bf3 Nf6 28.
Rac1 Rd8 29.b4 Nc6 30.Nc2 g6 31.a3 a5 32.Kf1 Kg7 33.Rd2 axb4 34.axb4 Ra8 
35.Rdd1 Ra4 36.Ra1 Rxa1 37.Rxa1 Ne5 38.Nd4 Nd3 39.Rb1 Ne4 40.Bxe4 dxe4 41.
f3 Rd7 42.Nb5 exf3 43.gxf3 Kf6 44.Nd6 Ke5 45.Ke2 Nf4+ 46.Ke3 g5 47.Nc4+ 
Ke6 48.Nd6 Ke5 49.Nc4+ Ke6 50.Nd6 1/2-1/2

[Event "95th GER-ch"]
[Site "Ostfildern GER"]
[Date "2024.08.24"]
[Round "6.4"]
[White "Fridman, Daniel"]
[Black "Svane, Rasmus"]
[Result "1/2-1/2"]
[PlyCount "71"]
[WhiteElo "2591"]
[BlackElo "2633"]
[EventDate "2024.08.19"]

1.Nf3 d5 2.g3 g6 3.Bg2 Bg7 4.d4 Nf6 5.c4 dxc4 6.Na3 O-O 7.O-O c5 8.dxc5 c3
9.Nb5 Na6 10.Nxc3 Nxc5 11.Be3 Nfe4 12.Nxe4 Nxe4 13.Bd4 Bxd4 14.Qxd4 Qxd4 
15.Nxd4 Rd8 16.Rfd1 Nd6 17.Nb5 Be6 18.Nxd6 Rxd6 19.Rxd6 exd6 20.b3 d5 21.
Rd1 Kf8 22.e3 Rd8 23.Kf1 Ke7 24.Rc1 Kd6 25.Ke2 a5 26.Kd2 Ra8 27.Rc3 b5 28.
Rd3 Kc5 29.Kc3 b4+ 30.Kb2 Rd8 31.Rd4 h5 32.Bf3 Rd6 33.Kc1 Rc6 34.Kb2 Rd6 
35.Kc1 Rc6 36.Kb2 1/2-1/2

[Event "95th GER-ch"]
[Site "Ostfildern GER"]
[Date "2024.08.24"]
[Round "6.5"]
[White "Kollars, Dmitrij"]
[Black "Vogel, Roven"]
[Result "1-0"]
[PlyCount "71"]
[WhiteElo "2656"]
[BlackElo "2546"]
[EventDate "2024.08.19"]

1.e4 c5 2.Nf3 d6 3.d4 cxd4 4.Qxd4 Nf6 5.Bg5 Nc6 6.Bb5 Bd7 7.Qd3 a6 8.Bxc6 
Bxc6 9.Nc3 e6 10.O-O-O Be7 11.Nd4 Rc8 12.f4 O-O 13.Rhe1 b5 14.a3 Bb7 15.f5
Ng4 16.Bxe7 Qxe7 17.Nf3 Rfd8 18.Qd4 e5 19.Qd2 Nf6 20.g4 Rc4 21.Qg5 Qc7 22.
Nd2 Rxc3 23.bxc3 Qxc3 24.Qe3 Qc7 25.g5 Nd7 26.Nb3 Rc8 27.Re2 Nb6 28.Na5 
Ba8 29.Qd2 d5 30.exd5 Nxd5 31.Rde1 f6 32.gxf6 gxf6 33.Rg1+ Kh8 34.Reg2 Qe7
35.Rg3 e4 36.Qg2 1-0

[Event "95th GER-ch"]
[Site "Ostfildern GER"]
[Date "2024.08.25"]
[Round "7.1"]
[White "Vogel, Roven"]
[Black "Deuer, Marius"]
[Result "1-0"]
[PlyCount "65"]
[WhiteElo "2546"]
[BlackElo "2452"]
[EventDate "2024.08.19"]

1.d4 Nf6 2.c4 e6 3.Nf3 d5 4.Nc3 c5 5.e3 Nc6 6.a3 a6 7.dxc5 Bxc5 8.b4 Bd6 
9.Ra2 Ne5 10.Rd2 Nxf3+ 11.gxf3 O-O 12.Bb2 a5 13.cxd5 e5 14.bxa5 Bd7 15.Bb5
Rxa5 16.Qb3 Bh3 17.Rg1 Qe7 18.a4 Rd8 19.Ke2 Raa8 20.Bc4 Bb4 21.Rgd1 e4 22.
fxe4 Bd6 23.Rg1 Qe5 24.f4 Qh5+ 25.Ke1 Ng4 26.Nb5 Be7 27.Re2 Qg6 28.Bd3 
Bh4+ 29.Kd2 Rac8 30.Nd4 Qh5 31.Nf5 g6 32.Nxh4 Qxh4 33.Qb6 1-0

[Event "95th GER-ch"]
[Site "Ostfildern GER"]
[Date "2024.08.25"]
[Round "7.2"]
[White "Svane, Rasmus"]
[Black "Kollars, Dmitrij"]
[Result "1/2-1/2"]
[PlyCount "73"]
[WhiteElo "2633"]
[BlackElo "2656"]
[EventDate "2024.08.19"]

1.d4 Nf6 2.c4 e6 3.Nc3 Bb4 4.Qc2 d5 5.a3 Bxc3+ 6.Qxc3 O-O 7.e3 b6 8.cxd5 
exd5 9.Bd3 Ba6 10.Bxa6 Nxa6 11.Qc6 Qe8 12.Qxe8 Rfxe8 13.Ne2 c5 14.f3 Nc7 
15.Kf2 Ne6 16.Rd1 Rac8 17.dxc5 Rxc5 18.Rb1 h5 19.Rd2 Rec8 20.Ke1 Kf8 21.b3
Rc2 22.Bb2 Rxd2 23.Kxd2 Nd7 24.Bd4 Ndc5 25.Bxc5+ Rxc5 26.b4 Rc6 27.Rb3 Ke7
28.Rd3 Rd6 29.Nd4 Nxd4 30.Rxd4 Ke6 31.a4 Rc6 32.e4 dxe4 33.Rxe4+ Kd6 34.
Rd4+ Ke6 35.Re4+ Kd6 36.Rd4+ Ke6 37.Re4+ 1/2-1/2

[Event "95th GER-ch"]
[Site "Ostfildern GER"]
[Date "2024.08.25"]
[Round "7.3"]
[White "Kunin, Vitaly"]
[Black "Fridman, Daniel"]
[Result "1/2-1/2"]
[PlyCount "84"]
[WhiteElo "2523"]
[BlackElo "2591"]
[EventDate "2024.08.19"]

1.d4 d5 2.Nf3 e6 3.c4 Be7 4.Nc3 Nf6 5.Bg5 h6 6.Bh4 O-O 7.e3 Nbd7 8.Qc2 c5 
9.Rd1 Qa5 10.cxd5 Nxd5 11.Bxe7 Nxe7 12.Be2 cxd4 13.Nxd4 Nd5 14.Nb3 Qc7 15.
Rc1 Nxc3 16.Qxc3 Qxc3+ 17.Rxc3 Nf6 18.Bf3 Rb8 19.O-O e5 20.Rfc1 Rd8 21.Rc7
Kf8 22.a3 Ne8 23.R7c3 b6 24.Kf1 Be6 25.Ke1 Rbc8 26.Nd2 Rxc3 27.Rxc3 Ke7 
28.Bd1 Nd6 29.Ba4 Rc8 30.Rxc8 Bxc8 31.e4 Be6 32.Ke2 Nc4 33.Nxc4 Bxc4+ 34.
Ke3 Kd6 35.h4 a5 36.Kd2 b5 37.Bc2 Kc5 38.Ke3 Bf1 39.Bb3 f6 40.g3 a4 41.Bf7
Bc4 42.Bh5 Bf1 1/2-1/2

[Event "95th GER-ch"]
[Site "Ostfildern GER"]
[Date "2024.08.25"]
[Round "7.4"]
[White "Costa, Leonardo"]
[Black "Buhmann, Rainer"]
[Result "1/2-1/2"]
[PlyCount "81"]
[WhiteElo "2481"]
[BlackElo "2562"]
[EventDate "2024.08.19"]

1.e4 e6 2.d4 d5 3.e5 c5 4.c3 Nc6 5.Nf3 Bd7 6.Be2 Nge7 7.Na3 Nf5 8.Nc2 Be7 
9.O-O O-O 10.g4 Nh4 11.Nxh4 Bxh4 12.f4 Be7 13.Be3 cxd4 14.cxd4 f6 15.Bd3 
fxe5 16.dxe5 g5 17.Qe2 gxf4 18.Bxf4 Bg5 19.Bg3 Qe7 20.h3 a6 21.Kg2 Bh4 22.
Bh2 Qg7 23.b4 Rxf1 24.Rxf1 Rf8 25.Rxf8+ Qxf8 26.a3 Be8 27.Ne1 Bxe1 28.Qxe1
Qh6 29.Qf2 Bg6 30.Bf1 Be4+ 31.Kg1 Qc1 32.Qf4 Qxa3 33.Qg5+ Bg6 34.h4 Qxb4 
35.h5 Qd4+ 36.Kg2 Qe4+ 37.Kg1 Qd4+ 38.Kg2 Qe4+ 39.Kg1 Qd4+ 40.Kg2 Qe4+ 41.
Kg1 1/2-1/2

[Event "95th GER-ch"]
[Site "Ostfildern GER"]
[Date "2024.08.25"]
[Round "7.5"]
[White "Huschenbeth, Niclas"]
[Black "Wagner, Dennis"]
[Result "1/2-1/2"]
[PlyCount "87"]
[WhiteElo "2594"]
[BlackElo "2613"]
[EventDate "2024.08.19"]

1.e4 c5 2.Nf3 Nc6 3.Bb5 e6 4.Bxc6 bxc6 5.b3 d6 6.e5 dxe5 7.Nxe5 Qg5 8.Ng4 
Nh6 9.Ne3 Nf5 10.Qf3 Nd4 11.Qg3 Qh5 12.Nc3 Ba6 13.Bb2 O-O-O 14.f3 Bd6 15.
Qf2 f5 16.O-O-O Qf7 17.d3 e5 18.Nb1 c4 19.Nxc4 Bc5 20.Qe1 Bxc4 21.bxc4 Qg6
22.Rd2 Rhe8 23.Nc3 Qd6 24.Na4 Ba3 25.c3 Ne6 26.Qe3 Re7 27.Re1 Bxb2+ 28.
Nxb2 Rdd7 29.c5 Nxc5 30.Kc2 Qd5 31.d4 exd4 32.Qxe7 Rxe7 33.Rxe7 Qxa2 34.
Rxd4 Qb3+ 35.Kb1 a5 36.Re8+ Kc7 37.Re7+ Kc8 38.Re5 Qxc3 39.Re8+ Kb7 40.
Re7+ Ka6 41.Rd8 a4 42.Ra8+ Kb5 43.Rb8+ Ka6 44.Ra8+ 1/2-1/2

[Event "95th GER-ch"]
[Site "Ostfildern GER"]
[Date "2024.08.26"]
[Round "8.1"]
[White "Deuer, Marius"]
[Black "Wagner, Dennis"]
[Result "1/2-1/2"]
[PlyCount "84"]
[WhiteElo "2452"]
[BlackElo "2613"]
[EventDate "2024.08.19"]

1.d4 Nf6 2.c4 e6 3.Nc3 Bb4 4.e3 O-O 5.Ne2 d5 6.a3 Bd6 7.Ng3 c5 8.dxc5 Bxc5
9.b4 Be7 10.cxd5 a5 11.b5 Nxd5 12.Nxd5 Qxd5 13.Qxd5 exd5 14.Bb2 g6 15.Be2 
Be6 16.O-O Nd7 17.Bf3 Rac8 18.Ne2 Rc2 19.Rab1 Nb6 20.Nd4 Rc4 21.Be2 Rc7 
22.Rfc1 Rfc8 23.Rxc7 Rxc7 24.Nxe6 fxe6 25.Rc1 Rxc1+ 26.Bxc1 Na4 27.Kf1 Kf7
28.Bd3 e5 29.Bc2 Nc5 30.Bb2 Bf6 31.Ke2 e4 32.Bc1 Bc3 33.a4 Ke6 34.Ba3 Nd7 
35.f3 Nf6 36.Bb3 Be5 37.h3 b6 38.Bf8 Nd7 39.Ba3 Bd6 40.Bb2 Be5 41.Ba3 Bd6 
42.Bb2 Be5 1/2-1/2

[Event "95th GER-ch"]
[Site "Ostfildern GER"]
[Date "2024.08.26"]
[Round "8.2"]
[White "Buhmann, Rainer"]
[Black "Huschenbeth, Niclas"]
[Result "1/2-1/2"]
[PlyCount "85"]
[WhiteElo "2562"]
[BlackElo "2594"]
[EventDate "2024.08.19"]

1.d4 Nf6 2.Nf3 d5 3.c4 e6 4.Nc3 c5 5.cxd5 cxd4 6.Qxd4 exd5 7.e4 dxe4 8.
Qxd8+ Kxd8 9.Ng5 Be6 10.Nxe6+ fxe6 11.Bg5 Nc6 12.Bc4 Ke7 13.Nxe4 Kf7 14.
Nd2 Ne5 15.Ke2 Nxc4 16.Nxc4 Bc5 17.Rhd1 Rhd8 18.Na5 b6 19.Nc6 Rdc8 20.Ne5+
Ke8 21.Nf3 Nd5 22.Rac1 Bd6 23.g3 Kd7 24.Be3 Nxe3 25.Kxe3 Rxc1 26.Rxc1 Rf8 
27.Rc4 Rf5 28.Ra4 a5 29.Rc4 b5 30.Rc2 Bc5+ 31.Ke4 Kd6 32.Rd2+ Rd5 33.Nd4 
Re5+ 34.Kf3 Bxd4 35.Rxd4+ Ke7 36.Rd3 b4 37.a3 bxa3 38.bxa3 Rb5 39.Ke3 Rb2 
40.h4 h5 41.Rd4 Rb3+ 42.Rd3 Rb2 43.Rd4 1/2-1/2

[Event "95th GER-ch"]
[Site "Ostfildern GER"]
[Date "2024.08.26"]
[Round "8.3"]
[White "Fridman, Daniel"]
[Black "Costa, Leonardo"]
[Result "1/2-1/2"]
[PlyCount "68"]
[WhiteElo "2591"]
[BlackElo "2481"]
[EventDate "2024.08.19"]

1.c4 e6 2.Nf3 d5 3.g3 Nf6 4.Bg2 dxc4 5.Qa4+ c6 6.Qxc4 b5 7.Qb3 Bb7 8.O-O 
Nbd7 9.d4 a6 10.Ne5 Nxe5 11.dxe5 Nd5 12.Nc3 Be7 13.Rd1 Qc7 14.Nxd5 cxd5 
15.Bf4 O-O 16.Rac1 Qb6 17.Be3 Qa5 18.Bd2 Qb6 19.Be3 Qa5 20.Bd2 Qb6 21.Bb4 
Bxb4 22.Qxb4 Rac8 23.a4 h6 24.b3 Rc6 25.axb5 axb5 26.Rxc6 Qxc6 27.Bf3 Rc8 
28.Kg2 Qc5 29.Qf4 Qc3 30.Rd3 Qc1 31.Qb4 Qc5 32.Qf4 Qc1 33.Qb4 Qc5 34.Qf4 
Qc1 1/2-1/2

[Event "95th GER-ch"]
[Site "Ostfildern GER"]
[Date "2024.08.26"]
[Round "8.4"]
[White "Kollars, Dmitrij"]
[Black "Kunin, Vitaly"]
[Result "1-0"]
[PlyCount "83"]
[WhiteElo "2656"]
[BlackElo "2523"]
[EventDate "2024.08.19"]

1.e4 c5 2.Nf3 g6 3.d4 cxd4 4.Nxd4 Nc6 5.c4 Bg7 6.Be3 Qb6 7.Nb3 Qd8 8.Qd2 
Nf6 9.Nc3 Ng4 10.Bf4 d6 11.Be2 a5 12.Na4 Nf6 13.f3 b6 14.Bh6 O-O 15.Bxg7 
Kxg7 16.O-O Bd7 17.Nc3 Rc8 18.Rac1 Nb4 19.Nd4 Be6 20.b3 Nd7 21.Nd5 Nc6 22.
Nb5 f6 23.f4 Nc5 24.Qe3 Rb8 25.Rcd1 Qd7 26.h3 Na7 27.Nd4 Nc6 28.Nb5 Na7 
29.Nbc3 Nc6 30.Bf3 h6 31.Nb5 Na7 32.Nd4 b5 33.e5 fxe5 34.fxe5 bxc4 35.bxc4
Nc8 36.exd6 Bxd5 37.Bxd5 Nxd6 38.Nc6 Na6 39.Nxb8 Rxb8 40.c5 Nf5 41.Qe5+ 
Kh7 42.Bg8+ 1-0

[Event "95th GER-ch"]
[Site "Ostfildern GER"]
[Date "2024.08.26"]
[Round "8.5"]
[White "Vogel, Roven"]
[Black "Svane, Rasmus"]
[Result "1/2-1/2"]
[PlyCount "147"]
[WhiteElo "2546"]
[BlackElo "2633"]
[EventDate "2024.08.19"]

1.c4 Nf6 2.Nf3 e6 3.b3 d5 4.Bb2 Be7 5.g3 O-O 6.Bg2 c5 7.cxd5 Nxd5 8.O-O 
Nc6 9.Nc3 Bf6 10.Qc1 b6 11.Nxd5 exd5 12.d4 Nxd4 13.Nxd4 cxd4 14.Qd2 Ba6 
15.Rfe1 Re8 16.Bxd4 Bxe2 17.Bxf6 Qxf6 18.Rac1 Bf3 19.Rxe8+ Rxe8 20.Qe3 Be4
21.f3 g6 22.fxe4 dxe4 23.Bf1 Qe5 24.Rc4 f5 25.Qd4 Kf7 26.Qxe5 Rxe5 27.Kf2 
Rc5 28.Ke3 Ke6 29.Kf4 Rd5 30.Rc7 Rd2 31.Bc4+ Kd6 32.Rxh7 Rxa2 33.b4 Rc2 
34.Bb5 a5 35.bxa5 bxa5 36.Rh6 Kc5 37.Be8 Rf2+ 38.Ke3 Rf3+ 39.Ke2 Kd4 40.
Rxg6 Rb3 41.Rd6+ Ke5 42.Rd5+ Kf6 43.Rxa5 Rb2+ 44.Kf1 Rb1+ 45.Kg2 Rb2+ 46.
Kh3 e3 47.Ra6+ Ke5 48.Bh5 Rf2 49.Ra8 Kd4 50.Re8 Kd3 51.Re7 Kd2 52.Rd7+ Kc3
53.Rd1 Kc2 54.Rd4 Kc3 55.Rf4 Kd2 56.Bf3 e2 57.Bxe2 Kxe2 58.Ra4 Ke3 59.Ra8 
Ke4 60.Re8+ Kd5 61.Re1 Rd2 62.Rg1 Ke5 63.Rg2 Rd4 64.Rf2 Kf6 65.Rf4 Rd5 66.
Kh4 Rd2 67.h3 Kg6 68.Ra4 Rd6 69.Rf4 Rc6 70.Rd4 Rb6 71.Rc4 Rd6 72.Rf4 Rc6 
73.Rb4 Rd6 74.Rf4 1/2-1/2

[Event "95th GER-ch"]
[Site "Ostfildern GER"]
[Date "2024.08.27"]
[Round "9.1"]
[White "Svane, Rasmus"]
[Black "Deuer, Marius"]
[Result "1/2-1/2"]
[PlyCount "76"]
[WhiteElo "2633"]
[BlackElo "2452"]
[EventDate "2024.08.19"]

1.e4 c6 2.d4 d5 3.e5 Bf5 4.h4 h5 5.c4 e6 6.Nc3 Ne7 7.Nge2 Nd7 8.Ng3 Bg6 9.
Be3 dxc4 10.Bxc4 Nf5 11.Nxf5 Bxf5 12.a3 Be7 13.g3 a6 14.Be2 c5 15.O-O cxd4
16.Bxd4 Nb8 17.Bf3 Nc6 18.Bxc6+ bxc6 19.Qf3 Rc8 20.Be3 Qc7 21.Qf4 Qb7 22.
Na4 c5 23.Rfc1 O-O 24.Kh2 Rfd8 25.Rc3 f6 26.exf6 Bxf6 27.Rxc5 Rxc5 28.Bxc5
Qb5 29.Qb4 Qe2 30.Be3 Be5 31.Nc3 Qf3 32.Qa5 Bxg3+ 33.fxg3 Rd2+ 34.Bxd2 
Qf2+ 35.Kh1 Qf3+ 36.Kh2 Qf2+ 37.Kh1 Qf3+ 38.Kh2 Qf2+ 1/2-1/2

[Event "95th GER-ch"]
[Site "Ostfildern GER"]
[Date "2024.08.27"]
[Round "9.2"]
[White "Kunin, Vitaly"]
[Black "Vogel, Roven"]
[Result "0-1"]
[PlyCount "120"]
[WhiteElo "2523"]
[BlackElo "2546"]
[EventDate "2024.08.19"]

1.d4 Nf6 2.c4 e6 3.Nf3 d5 4.Nc3 Be7 5.Bg5 h6 6.Bh4 O-O 7.e3 b6 8.Qb3 Bb7 
9.Bxf6 Bxf6 10.cxd5 exd5 11.Rd1 Qd6 12.Bd3 c5 13.dxc5 Bxc3+ 14.bxc3 Qxc5 
15.O-O Nd7 16.Rc1 Qe7 17.Qb4 Nc5 18.Rfd1 Qf6 19.Be2 Ne4 20.Bd3 Rac8 21.
Bxe4 dxe4 22.Nd2 Qe6 23.Nb3 Rfd8 24.Rd4 Rxd4 25.Qxd4 Bd5 26.Qa4 Rc7 27.h3 
Bc4 28.Nd4 Qe5 29.Qc2 Qd5 30.a3 Qe5 31.Qb2 Rc5 32.Qb4 Qc7 33.Qa4 Kf8 34.
Qd1 h5 35.f3 exf3 36.Qxf3 g6 37.e4 Kg7 38.Qe3 Ra5 39.Rd1 f6 40.Nf3 Bf7 41.
e5 fxe5 42.Ng5 Bg8 43.Kh1 Rxa3 44.Ne4 Qe7 45.Rd6 Be6 46.Qd2 Ra1+ 47.Kh2 
Ra2 48.Qe3 Ra4 49.Rd2 Bf5 50.Nd6 Bd7 51.Rd5 Bc6 52.Nc8 Qc7 53.Nd6 Kh7 54.
Ne4 Rxe4 55.Qxe4 Bxd5 56.Qxd5 e4+ 57.Kh1 Qe7 58.Qd2 e3 59.Qe2 a5 60.Kg1 a4
0-1

[Event "95th GER-ch"]
[Site "Ostfildern GER"]
[Date "2024.08.27"]
[Round "9.3"]
[White "Costa, Leonardo"]
[Black "Kollars, Dmitrij"]
[Result "1/2-1/2"]
[PlyCount "45"]
[WhiteElo "2481"]
[BlackElo "2656"]
[EventDate "2024.08.19"]

1.e4 e5 2.Nf3 Nc6 3.Bb5 a6 4.Ba4 Nf6 5.O-O Be7 6.d3 b5 7.Bb3 d6 8.a3 Na5 
9.Ba2 c5 10.Nc3 Be6 11.Nh4 Ra7 12.Nf5 Bxf5 13.exf5 d5 14.Bg5 Rd7 15.Re1 
Nc6 16.a4 b4 17.Ne2 O-O 18.Ng3 h6 19.Bxf6 Bxf6 20.Qg4 Nd4 21.Qd1 Nc6 22.
Qg4 Nd4 23.Qd1 1/2-1/2

[Event "95th GER-ch"]
[Site "Ostfildern GER"]
[Date "2024.08.27"]
[Round "9.4"]
[White "Huschenbeth, Niclas"]
[Black "Fridman, Daniel"]
[Result "1-0"]
[PlyCount "73"]
[WhiteElo "2594"]
[BlackElo "2591"]
[EventDate "2024.08.19"]

1.e4 e6 2.d4 d5 3.e5 c5 4.c3 Nc6 5.Nf3 Qb6 6.Be2 cxd4 7.cxd4 Nge7 8.Na3 
Nf5 9.Nc2 Bb4+ 10.Kf1 Be7 11.h4 h5 12.g3 Bd7 13.Kg2 a5 14.a3 a4 15.Rb1 Rc8
16.Bd2 Na5 17.Bd3 Nb3 18.Bc3 Bb5 19.Bxf5 exf5 20.e6 f6 21.Re1 g6 22.Ng1 
Qa6 23.Nh3 Bd6 24.Nb4 Bxb4 25.axb4 Bd3 26.Nf4 Bxb1 27.Qxb1 Rh6 28.Qd1 Qc4 
29.Qf3 Nxd4 30.Qxd5 Qxd5+ 31.Nxd5 Nb5 32.Bxf6 Rh7 33.Bg5 Rh8 34.Rd1 Kf8 
35.Ne7 Re8 36.Rd7 Rh7 37.Nd5 1-0

[Event "95th GER-ch"]
[Site "Ostfildern GER"]
[Date "2024.08.27"]
[Round "9.5"]
[White "Wagner, Dennis"]
[Black "Buhmann, Rainer"]
[Result "1-0"]
[PlyCount "79"]
[WhiteElo "2613"]
[BlackElo "2562"]
[EventDate "2024.08.19"]

1.d4 Nf6 2.c4 e6 3.Nf3 Bb4+ 4.Bd2 Be7 5.Nc3 O-O 6.e4 d5 7.cxd5 exd5 8.e5 
Ne4 9.Bd3 Nxd2 10.Qxd2 Nc6 11.Rd1 Kh8 12.Qe3 f6 13.O-O Bg4 14.Bb1 Bxf3 15.
Qxf3 fxe5 16.Qh5 e4 17.Qxd5 Qxd5 18.Nxd5 Rad8 19.Bxe4 Bf6 20.Nxf6 Rxf6 21.
Rfe1 g6 22.d5 Ne5 23.Rc1 Rd7 24.Bc2 Ng4 25.f3 Nh6 26.Ba4 Rdf7 27.Re8+ Kg7 
28.Rc8 Nf5 29.R1xc7 Rb6 30.Bb3 Rxc7 31.Rxc7+ Kf6 32.Rxh7 Nd4 33.d6 Rxd6 
34.Rxb7 Nf5 35.f4 g5 36.fxg5+ Kxg5 37.Rb5 Kg4 38.Rd5 Rc6 39.Kf2 Kf4 40.Bd1
1-0